Normal view
MARC view
- Introduction to Linear Algebra
Entry Topical Term
001 - CONTROL NUMBER
- control field: 126128
003 - CONTROL NUMBER IDENTIFIER
- control field: NUST
005 - DATE AND TIME OF LATEST TRANSACTION
- control field: 20240926145538.0
008 - FIXED-LENGTH DATA ELEMENTS
- fixed length control field: 240926|| aca||aabn | a|a d
040 ## - CATALOGING SOURCE
- Original cataloging agency: NUST
- Transcribing agency: NUST
150 ## - HEADING--TOPICAL TERM
- Topical term or geographic name entry element: Introduction to Linear Algebra
670 ## - SOURCE DATA FOUND
- Source citation: Work cat.: (NUST): Donald J. Wright 125857, Introduction to Linear Algebra, 1999.
